00909nam a22002295a 450000500170000000800410001701000140005802000260007203500130009803700150011104000180012608200100014410000190015424500920017326000320026527000690029730000300036650000500039652001390044654600680058565000260065320090622143455.0090226s2009 ii b 001 0 eng  aENG-94164 a9780415484503c395.00 aEN-77697 bDBAD / PUB adplbEnglish  a330.1 aKaul, Nitasha  aImagining economics otherwise:bencounters with identity/difference /cby Nitasha Kaul  aNew Delhi bRoutledgec2008 a912-915 Tolstory House, 15-17 Tolstoy Marg, bNew Delhi e110001 axiii, 281 p. c24cm(pbk)  aIncludes bibliographical references and index aStudy of Hindi poetry from 15th century to 20th century, Marathi, Gujarati, Panjabi, and Indic English poetry of the post-1947 period. aPassages translated from Hindi, Gujarati, Marathi, and Panjabi. aEconomicsxPhilosophy